000 00320nam a22001337a 4500
008 170328b xxu||||| |||| 00| 0 eng d
020 _a0397547811
041 _aeng
080 _25TH
_a615.83
100 _a8
101 _aSHM
245 _aA GUIDE TO PHYSICAL EXAMINATION AND HISTORY TAKING
_cBATES, B
942 _2udc
_cBK
999 _c8788
_d8788